000 02958nam0a2200397 4500
001 RU\NLR\BIBL_A\012258124
005 20200702152657.0
010 _a978-5-7996-2782-9
_940
021 _aRU
_bКН-П-20-008786
_9КН-П-20-0674
035 _a(NLR Aleph) 012258124
035 _a(RuMoRGB)010273931
090 _a11116685
_c11116685
100 _a20200326d2019 k y0rusy50 ca
101 0 _arus
102 _aRU
105 _aa|||j|||000zy
181 0 _ai
_baxxe
182 0 _an
200 1 _aИнженерная графика. Выполнение рабочих чертежей деталей
_eучебное пособие
_eдля студентов вуза, обучающихся по направлениям подготовки: 18.03.01 - Химическая технология, 18.03.02 - Энерго- и ресурсосберегающие процессы в химической технологии, нефтехимии и биотехнологии, 19.03.01 - Биотехнология, 13.03.01 - Теплоэнергетика и теплотехника, 14.05.02 - Атомные станции: проектирование, эксплуатация и инжиниринг
_fС. В. Лукинских, Л. В. Баранова, Т. И. Сидякина
_gМинистерство науки и высшего образования Российской Федерации, Уральский федеральный университет имени первого Президента России Б. Н. Ельцина, [Институт фундаментального образования]
203 _aТекст
_bвизуальный
_cнепосредственный
210 _aЕкатеринбург
_cИзд-во Уральского университета
_d2019
215 _a142 с.
_cил., табл.
_d29
300 _aНа 4-й с. обл. авт.: Лукинских С.В., к.т.н., доц., Баранова Л.В., преподаватель, Сидякина Т.И., преподаватель
313 _aЧертежи деталей
320 _aБиблиогр.: с. 121-122 (13 назв.)
517 1 _aВыполнение рабочих чертежей деталей
606 1 _aМашиностроительное черчение
_jУчебные издания для высших учебных заведений
_2nlr_sh1
_2nlr_sh2
_3RU\NLR\AUTH\66113385
686 1 _aЖ112я73-1
700 1 _aЛукинских
_bС. В.
_gСветлана Владимировна
701 1 _aБаранова
_bЛ. В.
_cспециалист по инженерной графике
_gЛюбовь Вениаминовна
_3RU\NLR\AUTH\770155012
701 1 _aСидякина
_bТ. И.
_gТатьяна Ивановна
942 _cBOOK
980 _aNBR
980 _aNB